000
nam a22 7a 4500
999
_c
232533
_d
232533
003
ASAB
005
20170220154731.0
008
170220b xxu||||| |||| 00| 0 eng d
040
_c
ASAB
082
_a
575
245
_a
Textbook of Fish genetics and biotechnology
_c
Dr. Salve Balasaheb Shankarrao
300
_a
00
942
_2
ddc
_c
BK